000 00587nam a22001697a 4500
003 OSt
005 20171010095516.0
008 120815t xxu||||| |||| 00| 0 eng d
040 _aMMSU
_cULS
100 _aMangabat, Melinda P.
_912169
245 _aIntensity and sustainability of adoption of the rice kasakalikasan technology
_cMelinda P. Mangabat
260 _c2001
300 _axvii, 136 leaves
_c28 cm.
500 _aThesis (Ph.D. Rural Development) -- Mariano Marcos State University-Graduate School, Laoag City
504 _aBibliography: leaves 110-115
942 _2ddc
_cTHEDIS
999 _c9738
_d9738